| LEADER |
01056nam0a2200229 450 |
| 001 |
16868274 |
| 010 |
|
|
|a 978-2-7556-1735-1
|b br.
|d 17
|
| 100 |
|
|
|a 20260513d2026 u u0frey01 ba
|
| 101 |
1 |
|
|a fre
|c eng
|
| 102 |
|
|
|a FR
|
| 200 |
0 |
|
|a After
|f Anna Todd
|g traduit de l'américain par Marie-Christine Tricottet
|
| 207 |
|
1 |
|a
|
| 210 |
|
|
|a Paris
|c Hugo Roman
|d DL 2015
|
| 215 |
|
|
|a 1 vol. (463 p.)
|d 21 cm
|
| 225 |
1 |
|
|a After
|v 3
|
| 330 |
|
|
|a Le caractère ombrageux d'Hardin continue à lui jouer des tours, et il échappe de peu à l'expulsion de l'université. De son côté, Tessa retrouve son père par hasard au détour d'une rue. Hardin, toujours aussi ingérable, ne facilite pas cette entrevue inopinée. Tessa va devoir affronter la plus douloureuse des questions : Hardin pourra-t-il s'ouvrir un jour ?
|
| 461 |
|
0 |
|t After
|v 3
|
| 700 |
|
0 |
|a Todd
|b Anna
|f 1989-....
|4 70
|
| 702 |
|
0 |
|a Tricottet
|b Marie-Christine
|4 730
|
| 900 |
|
|
|a Roman
|
| 901 |
|
|
|a Adultes
|
| 995 |
|
|
|a Médiathèque
|c Médiathèque
|f 089021862
|h 089021862
|k R TOD 3
|o p
|q a
|r az
|e Médiathèque
|